000 00476nam a2200169Ia 4500
003 OSt
005 20201211094221.0
008 190216s9999||||xx |||||||||||||| ||und||
040 _coclc
082 _a894.812
_bSAN/A
100 _aSankaran, K P
_97047
245 0 _aAnusheelanam /
_cK P Sankaran
260 _bCurrent Books,
_aThrissur:
_c2002.
300 _a127p
650 _aSahithya Vimarshanam
942 _cBK
_2ddc
_h894.812
_iSAN/A
_k894.812
_mSAN/A
999 _c28175
_d28175